书目信息 |
| 题名: |
中国共产党思想政治工作史论
|
|
| 作者: | ;教育部社会科学研究与思想政治工作司 编 | |
| 分册: | ||
| 出版信息: | 北京 高等教育出版社 1999.6 |
|
| 页数: | 355页 | |
| 开本: | 26cm | |
| 丛书名: | 面向21世纪课程教材 | |
| 单 册: | ||
| 中图分类: | D261.1 | |
| 科图分类: | ||
| 主题词: | 中国共产党 | |
| 电子资源: | ||
| ISBN: | 7-04-006734-X | |
| 000 | 00772nam0 2200217 45 | |
| 001 | 0009201458 | |
| 005 | 20040424085747.3 | |
| 010 | @a7-04-006734-X@dCNY24.60 | |
| 100 | @a20000920d1999 km y0chiy0120 ea | |
| 101 | 0 | @achi |
| 105 | @a z 000yy | |
| 200 | 1 | @a中国共产党思想政治工作史论@AZhong Guo Gong Chan Dang Si Xiang Zheng Zhi Gong Zuo Shi Lun@f教育部社会科学研究与思想政治工作司编@FJiao Yu Bu She Hui Ke Xue Yan Jiu Yu Si Xiang Zheng Zhi Gong Zuo Si Bian |
| 210 | @a北京@c高等教育出版社@d1999.6 | |
| 215 | @a355页@d26cm | |
| 225 | @a面向21世纪课程教材 | |
| 410 | @12001 @a面向21世纪课程教材 | |
| 606 | 0 | @a中国共产党 |
| 690 | @aD261.1@v1 | |
| 711 | 02 | @a教育部社会科学研究与思想政治工作司@4编 |
| 801 | @aCN@bPFTUser@c20000920 | |
| 905 | @f1@b290516@dD261.1@e62 | |
| 中国共产党思想政治工作史论/教育部社会科学研究与思想政治工作司编.-北京:高等教育出版社,1999.6 |
| 355页;26cm.-(面向21世纪课程教材) |
| ISBN 7-04-006734-X:CNY24.60 |
| ● |
| 相关链接 |
|
|
|
|
正题名:中国共产党思想政治工作史论
索取号:D261.1/62
 
预约/预借
| 序号 | 登录号 | 条形码 | 馆藏地/架位号 | 状态 | 备注 |
| 1 | 0290516 | 002905164 | 第一借阅区/ [索取号:D261.1/62] | 在馆 | |
| 2 | 0290517 | 002905173 | 第一借阅区/ [索取号:D261.1/62] | 在馆 | |
| 3 | 0290518 | 002905182 | 第一样本阅览室/ [索取号:D261.1/62] | 在馆 |